[Event "Voronezh op-A 19th"]
[Site "Voronezh"]
[Date "2015.06.14"]
[Round "3"]
[White "Sedykh, Egor"]
[Black "Tarasov, Alexandr"]
[Result "1/2-1/2"]
[WhiteElo "1934"]
[BlackElo "2309"]
[PlyCount "80"]
[EventDate "2015.06.12"]
[EventType "swiss"]
[EventRounds "9"]
[EventCountry "RUS"]
[SourceTitle "CBM 167 Extra"]
[Source "ChessBase"]
[SourceDate "2015.09.14"]
[SourceVersion "1"]
[SourceVersionDate "2015.09.14"]
[SourceQuality "1"]

1. d4 e6 2. c4 Nf6 3. g3 c5 4. d5 exd5 5. cxd5 b5 6. Bg2 d6 7. a4 b4 8. b3 g6 9. Bb2 Bg7 10. Nh3 0-0 11. 0-0 a5 12. Re1 Nbd7 13. e4 Ra7 14. Nd2 Ba6 15. f4 Nb6 16. Qc2 Re8 17. Bf1 Bxf1 18. Kxf1 Rae7 19. Nf2 Qd7 20. Rab1 Qb7 21. Qd3 h5 22. Ba1 Nfd7 23. Bxg7 Kxg7 24. Qb5 Qa7 25. Qc6 Nf6 26. Qxd6 Rc8 27. f5 gxf5 28. Qf4 Nxe4 29. Ndxe4 fxe4 30. Nxe4 Qa6+ 31. Kg1 Nxd5 32. Qg5+ Qg6 33. Qxd5 Rce8 34. Qxc5 Rxe4 35. Rxe4 Qxe4 36. Rf1 Re5 37. Qf2 Qe3 38. Qxe3 Rxe3 39. Rf5 Kg6 40. Rxa5 Rxb3 1/2-1/2

[Event "EU-ch U12 24th"]
[Site "Batumi"]
[Date "2014.10.19"]
[Round "1"]
[White "Sedykh, Egor"]
[Black "Jazdanovs, Aleksandrs"]
[Result "1-0"]
[WhiteElo "2059"]
[BlackElo "1751"]
[PlyCount "67"]
[EventDate "2014.10.19"]
[EventType "swiss"]
[EventRounds "9"]
[EventCountry "GEO"]
[SourceTitle "EXT 2016"]
[Source "ChessBase"]
[SourceDate "2015.10.08"]
[SourceVersion "1"]
[SourceVersionDate "2015.10.08"]
[SourceQuality "1"]

1. d4 Nf6 2. c4 c5 3. d5 d6 4. Nc3 g6 5. Nf3 Bg7 6. g3 0-0 7. Bg2 Na6 8. 0-0 Nc7 9. Re1 e6 10. a4 Rb8 11. e4 exd5 12. cxd5 Bg4 13. h3 Bxf3 14. Qxf3 Nd7 15. Qd1 f5 16. f4 Bxc3 17. bxc3 fxe4 18. Bxe4 Nf6 19. Bd3 Qd7 20. Kh2 Rbe8 21. Rxe8 Rxe8 22. c4 Kf7 23. Ra2 Re7 24. Rf2 Ne4 25. Rf1 Ke8 26. Qc2 Nf6 27. Bb2 Rf7 28. Re1+ Kf8 29. f5 gxf5 30. Bxf5 Qd8 31. Be6 Qe7 32. Re2 Nxe6 33. dxe6 Rg7 34. Bxf6 1-0

[Event "Izhevsk Corporation Cup 6th"]
[Site "Izhevsk"]
[Date "2014.07.12"]
[Round "1"]
[White "Kovalchuk, Alexey"]
[Black "Sedykh, Egor"]
[Result "1-0"]
[WhiteElo "2251"]
[BlackElo "1909"]
[PlyCount "83"]
[EventDate "2014.07.12"]
[EventType "swiss"]
[EventRounds "9"]
[EventCountry "RUS"]
[SourceTitle "CBM 161 Extra"]
[Source "ChessBase"]
[SourceDate "2014.08.29"]
[SourceVersion "1"]
[SourceVersionDate "2014.08.29"]
[SourceQuality "1"]

1. d4 Nf6 2. Bg5 Ne4 3. Bf4 c5 4. f3 Qa5+ 5. c3 Nd6 6. d5 g6 7. e4 Bg7 8. e5 Nf5 9. g4 Nh6 10. Qd2 Ng8 11. Na3 f6 12. Nc4 Qd8 13. 0-0-0 fxe5 14. Bxe5 Nf6 15. d6 e6 16. h4 0-0 17. h5 Nc6 18. hxg6 hxg6 19. Qg5 Nh7 20. Qxg6 Qg5+ 21. Qxg5 Nxg5 22. Bxg7 Kxg7 23. Be2 b5 24. Nd2 c4 25. Rh5 Kg6 26. f4 Nf7 27. Ne4 a6 28. f5+ exf5 29. gxf5+ Kg7 30. Nf3 Rg8 31. Rg1+ Kf8 32. Rg6 Nce5 33. Rxg8+ Kxg8 34. Nxe5 Nxe5 35. Rg5+ Kf8 36. Bh5 Nd3+ 37. Kd2 Nf4 38. Ke3 Nxh5 39. Rxh5 Bb7 40. Rh8+ Kf7 41. Rxa8 Bxa8 42. Nc5 1-0

[Event "Ples Grani U13"]
[Site "Ples"]
[Date "2014.05.06"]
[Round "2"]
[White "Sedykh, Egor"]
[Black "Vetokhin, Ilia"]
[Result "1/2-1/2"]
[WhiteElo "1923"]
[BlackElo "1596"]
[PlyCount "117"]
[EventDate "2014.05.06"]
[EventType "swiss"]
[EventRounds "8"]
[EventCountry "RUS"]
[SourceTitle "EXT 2022"]
[Source "ChessBase"]
[SourceDate "2021.10.06"]
[SourceVersion "1"]
[SourceVersionDate "2021.10.06"]
[SourceQuality "1"]

1. d4 Nf6 2. c4 g6 3. Nf3 Bg7 4. g3 0-0 5. Bg2 d6 6. 0-0 Nc6 7. Nc3 a6 8. Qc2 Bf5 9. e4 Bg4 10. Be3 Rb8 11. d5 Na5 12. Nd2 c5 13. a4 Bd7 14. Qd3 Ng4 15. Bf4 Qb6 16. Qc2 Qb4 17. h3 Ne5 18. Na2 Qb6 19. Be3 f5 20. Rab1 fxe4 21. b4 Nf3+ 22. Bxf3 exf3 23. Kh2 Bf5 24. Ne4 Nc6 25. bxc5 Qc7 26. cxd6 exd6 27. dxc6 Qxc6 28. Rb6 Bxe4 29. Rxc6 Bxc2 30. Rxd6 Bxa4 31. c5 Rfd8 32. Rc1 Rbc8 33. Rb1 Bb5 34. Nb4 Bf8 35. Rxd8 Rxd8 36. g4 Rc8 37. Nd5 Bxc5 38. Kg3 Kf7 39. g5 Bd6+ 40. Nf4 Bxf4+ 41. Kxf4 Bc6 42. h4 Rd8 43. Re1 Rd7 44. Bb6 Rd5 45. Rb1 a5 46. Ke3 a4 47. Bd4 Ke6 48. Bf6 Rb5 49. Rxb5 Bxb5 50. Kd2 Kd5 51. Kc3 Ke4 52. Bd8 Bc6 53. Bb6 Kf4 54. Be3+ Kg4 55. Kc4 Kxh4 56. Kb4 Kg4 57. Ka3 Kf5 58. Kb4 Ke5 59. Kc4 1/2-1/2

[Event "Tula Region-ch"]
[Site "Tula"]
[Date "2014.03.13"]
[Round "3"]
[White "Avetisyan, Kristina"]
[Black "Sedykh, Egor"]
[Result "0-1"]
[WhiteElo "1754"]
[BlackElo "1917"]
[PlyCount "70"]
[EventDate "2014.03.11"]
[EventType "swiss"]
[EventRounds "9"]
[EventCountry "RUS"]
[SourceTitle "CBM 159 Extra"]
[Source "ChessBase"]
[SourceDate "2014.04.24"]
[SourceVersion "1"]
[SourceVersionDate "2014.04.24"]
[SourceQuality "1"]

1. e4 c5 2. Nf3 d6 3. d4 cxd4 4. Nxd4 Nf6 5. Nc3 a6 6. Be3 e5 7. Nb3 Be7 8. f3 Be6 9. Nd5 Nbd7 10. Qd2 0-0 11. 0-0-0 Nxd5 12. exd5 Bf5 13. g4 Bg6 14. Kb1 f5 15. gxf5 Bxf5 16. Rg1 Kh8 17. f4 Rc8 18. Rc1 Be4 19. Bd3 Bxd3 20. Qxd3 exf4 21. Bd4 Bf6 22. Rg4 Bxd4 23. Nxd4 Ne5 24. Qh3 Nxg4 25. Ne6 Qf6 26. Qxg4 g6 27. Rf1 Qf5 28. Qxf5 Rxf5 29. Rxf4 Rxf4 30. Nxf4 Rf8 31. Ne2 Rf1+ 32. Nc1 Rh1 33. c4 Kg7 34. Kc2 Rxh2+ 35. Kc3 Kf7 0-1

[Event "Wch U12"]
[Site "Al Ain"]
[Date "2013.12.26"]
[Round "9"]
[White "Kevlishvili, Robby"]
[Black "Sedykh, Egor"]
[Result "1-0"]
[WhiteElo "2070"]
[BlackElo "1909"]
[PlyCount "99"]
[EventDate "2013.12.18"]
[EventType "swiss"]
[EventRounds "11"]
[EventCountry "UAE"]
[SourceTitle "CBM 158 Extra"]
[Source "ChessBase"]
[SourceDate "2014.02.28"]
[SourceVersion "1"]
[SourceVersionDate "2014.02.28"]
[SourceQuality "1"]

1. e4 d5 2. exd5 Qxd5 3. Nf3 e5 4. Nc3 Qe6 5. Bb5+ Bd7 6. 0-0 a6 7. Re1 f6 8. Bf1 c5 9. d4 cxd4 10. Nxd4 Qb6 11. Nd5 Qc5 12. c4 Ne7 13. Nb3 Qd6 14. Be3 Nxd5 15. cxd5 Ba4 16. Qg4 Bxb3 17. axb3 Kf7 18. Rec1 Be7 19. Bc5 Qd7 20. Qf3 Bd6 21. g3 g6 22. Bh3 Qxh3 23. Bxd6 Nd7 24. Rc7 Rhd8 25. Bxe5 Qf5 26. Qxf5 gxf5 27. Bc3 Kg6 28. Rxb7 Nc5 29. Rb6 Ne4 30. f3 Nxc3 31. bxc3 Rxd5 32. Raxa6 Rxa6 33. Rxa6 Rd3 34. Rc6 Rxf3 35. b4 Rd3 36. b5 Rd1+ 37. Kf2 Rb1 38. c4 f4 39. gxf4 Kf5 40. b6 Kxf4 41. Rxf6+ Ke5 42. Rc6 Kf4 43. c5 Rb2+ 44. Ke1 Ke3 45. Kd1 Kd3 46. Kc1 Kc3 47. Rc7 h5 48. b7 h4 49. Rd7 Rxh2 50. b8Q 1-0